[Event "Sao Sebastiao do Paraiso Ferias CXSSP I"]
[Site "Sao Sebastiao do Paraiso"]
[Date "2016.07.22"]
[Round "1.8"]
[White "Mendes, Rodrigo Machado"]
[Black "Vieira, Sofia Laura Pereira"]
[Result "1-0"]
[WhiteElo "1933"]
[BlackElo "1800"]
[PlyCount "65"]
[EventDate "2016.07.22"]
[EventType "swiss"]
[EventRounds "6"]
[EventCountry "BRA"]
[SourceTitle "EXT 2022"]
[Source "ChessBase"]
[SourceDate "2021.10.06"]
[SourceVersion "1"]
[SourceVersionDate "2021.10.06"]
[SourceQuality "1"]

1. c4 g6 2. Nc3 Bg7 3. g3 e5 4. Bg2 Ne7 5. Nf3 d6 6. 0-0 0-0 7. d3 Nbc6 8. Rb1 Bg4 9. b4 a5 10. b5 Nb4 11. a3 Na2 12. Nxa2 c6 13. Nc3 Qd7 14. Re1 Bh3 15. Bh1 Rae8 16. Qc2 d5 17. bxc6 bxc6 18. cxd5 Nxd5 19. Ne4 Rb8 20. Bd2 Rb7 21. Nc5 Qc7 22. Rxb7 Qe7 23. Rxe7 Bf6 24. Ra7 Bg4 25. Bh6 Bg7 26. Nxe5 Bh3 27. Bxd5 cxd5 28. Bxg7 Kxg7 29. g4 Re8 30. Rxf7+ Kh6 31. g5+ Kh5 32. f4 Kh4 33. Rxh7# 1-0